000 00585nam a2200241 a 4500
001 0001-1032
003 ELIB.Books
008 141113 2010 eng
020 _a0802463932
035 _a(ELIB.Books)0001-1186
092 _a268.432
_bCam
100 _aCampbell, Ross
245 _aRelational Parenting
260 _aChicago
_bMoody Press
_c2000
300 _a191
_c23 Cm
500 _aLibrary
650 _aR. E Children
856 _nKBTS; Library
_uKBTS; Elib.
942 _2ddc
_cBK
990 _a1
998 _cbat
_e2014-11-13
999 _c11032
_d11032